| 000 | 00448nam a22001937a 4500 | ||
|---|---|---|---|
| 003 | MPLRDC | ||
| 005 | 20220104114621.0 | ||
| 008 | 210129b ||||| |||| 00| 0 eng d | ||
| 020 | _a962-429-047-4 | ||
| 082 | _a857.62 WZL v.3 | ||
| 100 | _a吴中龙 | ||
| 245 |
_a神圣任务 _c |
||
| 250 | _a初版 | ||
| 260 |
_a _b繁荣出版社 _c1990 |
||
| 300 | _b平 | ||
| 490 | _a小说系列 | ||
| 650 | _a推理小说 | ||
| 942 |
_cBK _o857.62 WZL v.3 |
||
| 999 |
_c8884 _d8874 |
||